| 000 | 00489nam a2200145Ia 4500 | ||
|---|---|---|---|
| 008 | 220217s9999 xx 000 0 und d | ||
| 100 | _aAnoja Kurien | ||
| 245 | 0 | _aFunctional validation of the promoter of Hevea Beta-1,3-glucanase gene isoform in transgenic tobacco | |
| 260 |
_bCochin university of Science and technology _a Cochin _c2011 |
||
| 300 | _a71 | ||
| 500 | _aCourse: MSc Biotec | ||
| 700 | _aDr A Thulaseedharan | ||
| 850 | _aRubber Research Institute of India | ||
| 942 | _cTS | ||
| 999 |
_c74220 _d74220 |
||